01131naa#a2200193#i#4500001001600000005001700016011001400033100004100047102000700088200020000095210016900295215001100464608004500475675023200520700005400752700005800806700005800864856001500922RU\\bibl\11941120260414053046.2##a2311-8873##a20260410b2026####ek#y0rusy0150####ca##aRU1#aМЕТОД РАСЧЕТА ШИРИНЫ ОБРАБОТКИ ДЛЯ ПЯТИКООРДИНАТНОГО ФРЕЗЕРОВАНИЯ СФЕРИЧЕСКОЙ ФРЕЗОЙeЖурнальная статья1#aВоронежcВоронежский государственный лесотехнический университет имени Г.Ф. Морозоваd2026##a12 с.##aЖурнальная статья2local##aМашины и установки. Основные элементы и вспомогательные устройства. Конструкция, компоновка и принципы работы в целом. 621.9.06#1aКолесовgАндрей Васильевич#1aКозловgАлександр Михайлович#1aКозловgАндрей Александрович4#anaukaru.ru